Đánh giá mô hình sản xuất lúa theo tiêu chuẩn VietGAP tại tỉnh Vĩnh Long : Luận văn tốt nghiệp cao học. Chuyên ngành hệ thống nông nghiệp

Nội dung luận văn nghiên cứu đánh giá những thuận lợi và khó khăn trong sản xuất lúa theo tiêu chuẩn VietGAP tại tỉnh Vĩnh Long; Phân tích các nhân tố ảnh hưởng đến việc áp dụng sản xuất lúa theo tiêu chuẩn VietGAP tại tỉnh Vĩnh Long; Đề xuấ...

Ful tanımlama

Kaydedildi:
Detaylı Bibliyografya
Yazar: Nguyễn, Ngọc Nhân
Materyal Türü: Kitap
Dil:Undetermined
Baskı/Yayın Bilgisi: Cần Thơ Trường Đại học Cần Thơ 2015
Konular:
Etiketler: Etiketle
Etiket eklenmemiş, İlk siz ekleyin!
Thư viện lưu trữ: Trung tâm Học liệu Trường Đại học Cần Thơ
LEADER 01373nam a2200217Ia 4500
001 CTU_209402
008 210402s9999 xx 000 0 und d
082 |a 630 
082 |b Nh121 
088 |a 60620118 
100 |a Nguyễn, Ngọc Nhân 
245 0 |a Đánh giá mô hình sản xuất lúa theo tiêu chuẩn VietGAP tại tỉnh Vĩnh Long : 
245 0 |b Luận văn tốt nghiệp cao học. Chuyên ngành hệ thống nông nghiệp 
245 0 |c Nguyễn Ngọc Nhân ; Vũ Anh Pháp (Hướng dẫn khoa học) 
260 |a Cần Thơ 
260 |b Trường Đại học Cần Thơ 
260 |c 2015 
520 |a Nội dung luận văn nghiên cứu đánh giá những thuận lợi và khó khăn trong sản xuất lúa theo tiêu chuẩn VietGAP tại tỉnh Vĩnh Long; Phân tích các nhân tố ảnh hưởng đến việc áp dụng sản xuất lúa theo tiêu chuẩn VietGAP tại tỉnh Vĩnh Long; Đề xuất giải pháp mở rộng việc sản xuất lúa theo tiêu chuẩn VietGAP trong thời gian tới tại Vĩnh Long. 
650 |a Hệ thống nông nghiệp,Agricultural systems 
904 |i Trần Thị Hồng Ngọc (Nguyên) 
980 |a Trung tâm Học liệu Trường Đại học Cần Thơ